01327cam a2200325u 4500001001000000003000900010005001700019007000300036008004100039010001300080020001800093040002500111082001500136100001000151110015800161245015200319260007800471300002000549590002800569650001000597650000900607650000900616700001000625910000700635942001400642952010600656952011100762952011100873999001700984000014841DO-SdBNP20220519121156.0ta840817s2018 sp 000 0 spa  a43040479 a9789945913521 aDO-SdBNPcspadBNPHU axxxbR426p 933627 aRepública Dominicana.bMinisterio de Educación Superior, Ciencia y Técnología.eViceministerio de Evaluación y Acreditación de las IES9568091 aPlan de quinquenios evaluativos para el desarrollo del proceso de evaluación regulatoria de las instituciones de educación superior dominicanas aSanto Domingo :bMinisterio de educación, Ciencia y Tecnología,c2018 a51 p. ;c22 cm. aInventariado, 2022 / DG 0933628 094133 0941322 933629 aDG 2ddccLBS1 00102ddc51708MOaBNPHUbPDcCTd0000-00-00l0oxxx R426pp2022-2238r2022-05-19w2022-05-19yLBS1 00102ddc51708MOaBNPHUbPDcCTd2022-05-19l0oxxx R426pp2022-2239r2022-05-19te.2w2022-05-19yLBS1 00102ddc56708MOaBNPHUbDOcCTd0000-00-00l0oxxx R426pp2022-2240r2022-05-19te.3w2022-05-19yLBS1 c51766d51766